Estudio de rentabilidad académica y económica de una librería virtual universitaria
Gespeichert in:
| 1. Verfasser: | |
|---|---|
| Weitere Verfasser: | |
| Format: | Buch |
| Veröffentlicht: |
San José, C.R
2002
|
| Schlagworte: | |
| Tags: |
Tag hinzufügen
Keine Tags, Fügen Sie den ersten Tag hinzu!
|
MARC
| LEADER | 00000nam a2200000Ia 4500 | ||
|---|---|---|---|
| 003 | 008983 | ||
| 005 | 20221231144152.0 | ||
| 008 | 140114s2002 cr a m 000 ||s d | ||
| 040 | |c cru CEDI | ||
| 090 | |a TFG 4545 | ||
| 100 | |a Faingezicht Tarcica, Danny |9 7268 | ||
| 245 | |a Estudio de rentabilidad académica y económica de una librería virtual universitaria | ||
| 260 | |c 2002 |a San José, C.R | ||
| 300 | |a ix, 143 hojas, [100] hojas : ilustraciones | ||
| 500 | |a Investigación dirigida (licenciatura en ingeniería industrial)--Universidad de Costa Rica. Facultad de Ingeniería. Escuela de Ingeniería Industrial | ||
| 650 | |x FUNDACION DE LA UNIVERSIDAD DE COSTA RICA PARA LA INVESTIGACION |x LIBRERIAS Y LIBREROS |x AUTOMATIZACION |x ASPECTOS ECONOMICOS |x FINANCIACION |x COMERCIO ELECTRONICO |x INVESTIGACIONES |x PROYECTOS DE INVERSION |x LIBROS DE TEXTO |x COMPRAS |x COSTA RICA |9 7269 | ||
| 700 | |9 7270 |a Viales Salas, Andrea | ||
| 942 | |c TFG | ||
| 999 | |c 17896 |d 17896 | ||
